Pays qui battent la Chine - Statistiques

Statistiques générales
  • Ce quiz a été pris 23 534 fois
  • Le résultat moyen est 10 sur 15
Statistiques - réponses
Rang Domaine Réponse % Correct
3 Plus grande surface terrestre Russie | Canada
100%
2 Plus grande économie Etats-Unis
99%
2 Plus grande population en 2050 (Projection) Inde
98%
2 Le plus de tanks Russie
90%
2 Plus grand bâtiment (en hauteur) Emirats Arabes Unis
84%
5 Plus de désert Australie | Algérie | Arabie Saoudite | Canada
80%
2 Le plus de prisonniers Etats-Unis
71%
3 Le plus d'espèces différentes Brésil | Colombie
64%
8 Le plus petit nom sur JetPunk (moins de 5 lettres) Cuba | Inde | Irak | Iran | Laos | Mali | Oman | Togo
64%
4 Meilleure performance des élèves en mathématiques (PISA, 2015) Remarque: la Chine ne teste que certains étudiants Singapour | Taïwan | Japon
61%
2 Le plus de joueurs classés dans le top 100 aux échecs Russie
59%
3 Source de migrants vers l'Australie Nouvelle Zélande | Royaume-Uni
52%
2 Plus de sites du patrimoine mondial à l'UNESCO Italie
45%
3 Production de minerai de fer Australie | Brésil
27%
5 Point le plus bas en altitude Jordanie | Israël | Djibouti | Syrie
18%
Aucun quiz correspondant
Distribution des résultats
% des personnes avec chaque résultat
Percentile par nombre de réponses
Votre historique - résultats
Vous n’avez pas pris ce quiz